000 02387nam a2200253 4500
003 vecauma
005 20260413150438.0
007 ta
008 260413b ve ||||| |||| 00| 0 spa d
020 _a9802441244
040 _avecauma
_bspa
_cvecauma
_dvecauma
_erda
041 _aspa
100 1 _eautor
245 1 _aNacimiento de una empresa
_bQue hacer antes de fundar una nueva empresa o comprar una empresa en marcha
_c/ Roberto Vainrub
264 _aCaracas:
_bUniversidad católica Andrés Bello;
_c1996.
300 _a172 páginas.
336 _atexto
_btxt
_2rdacontenido
337 _ano mediado
_bn
_2rdamedio
338 _avolumen
_bnc
_2rdasoporte
505 0 _aQué es un "plan de negocio" y para qué se utiliza / Una forma de escribir el plan / Contenido sugerido para introducción al plan / El plan de mercado / La planta / La organización / Las finanzas / Consideraciones finales /
520 3 _a"Es hora que de que una obra con estas características se haya escrito; un texto que permite a los estudiantes, de un manera amigable, acercarse al complejo tema de la creación y puesta en marcha de una empresa. Esta es la síntesis de la extensa experiencia de su autor y de sus esfuerzos de traducir esas complejas tareas en clases amenas, enriquecedoras y que despierten el espíritu "entrepreneur" de los jóvenes estudiantes. Sin lugar a dudas, una importante contribución para la construcción de la Venezuela del mañana. En este texto se recopilan los temas más importantes de la Ingeniería Gerencial, agrupados en tres grandes bloques: Finanzas, Mercadeo y Organización. Ramón Magual." Roberto Vainrub Profesor de la Universidad Católica Andrés Bello en la cátedra "General Industrial desde 1982. Vainrub se graduó como Ingeniero Industrial, en la UCAB, donde desempeñó cargos de representante estudiantil; posteriormente cursó estudios de post-grado en la Universidad de Stanford donde obtuvo el titulo de Magister y actualmente está cursando el Doctorado en Ingeniería. Tiene amplia experiencia laboral en el área de mercadeo, en una firma multinacional, y actualmente es Vicepresidente Ejecutivo de una importante empresa. Ha publicado diversos artículos y es coautor de la obra "Gerencia Industrial publicada por la Universidad Nacional Abierta.
942 1 _2lcc
_n0
_cBK
999 _c13357
_d13357